000 00575nam a2200193 4500
001 11066
005 20230410105256.0
008 060907n2001 dr spa
020 _a0684871580
035 _9funglode11152
041 _aEN
050 1 4 _aUG 447.8 M647g 2001
100 _aMiller, Judith
245 1 _aGerms :
_bbiological weapons and America's secret war /
_cJudith Miller, Stephen Engelberg, William Broad
260 _aNew York :
_bSimon & Schuster,
_c2001
300 _a382 p.
700 _aEngelberg, Stephen \ Broad, William
942 _2lcc
_cbk
999 _c33420
_d33420